Top Artistes Musicaux - Monde - Statistiques

Statistiques générales
  • Ce quiz a été pris 328 fois
  • Le résultat moyen est 19 sur 100
Statistiques - réponses
Hint Réponse % Correct
#10 Taylor Swift
79%
#31 Beyoncé
71%
#13 Drake
67%
#8 Rihanna
66%
#1 Bruno Mars
56%
#5 Kendrick Lamar
53%
#2 The Weeknd
53%
#3 Lady Gaga
52%
#4 Billie Eilish
51%
#11 Ariana Grande
49%
#17 Eminem
48%
#18 Sabrina Carpenter
48%
#12 Justin Bieber
46%
#9 Bad Bunny
44%
#62 Michael Jackson
42%
#14 Travis Scott
40%
#15 Ed Sheeran
39%
#22 Dua Lipa
38%
#20 Kanye West
38%
#16 David Guetta
37%
#28 Adele
32%
#29 Katy Perry
32%
#57 Olivia Rodrigo
32%
#27 Shakira
32%
#7 Coldplay
31%
#71 Selena Gomez
27%
#73 Harry Styles
25%
#60 Nicki Minaj
25%
#26 Lana Del Rey
24%
#55 Queen
24%
#88 Britney Spears
23%
#6 SZA
23%
#23 ROSÉ
22%
#32 Sia
22%
#34 Doja Cat
21%
#19 Post Malone
20%
#33 Imagine Dragons
18%
#66 Tate McRae
18%
#37 Miley Cyrus
17%
#90 50 Cent
16%
#61 Benson Boone
15%
#44 Lil Wayne
15%
#75 One Direction
15%
#36 Pitbull
15%
#46 Tyler, The Creator
15%
#24 J Balvin
13%
#77 JENNIE
13%
#85 Justin Timberlake
13%
#63 Chappell Roan
12%
#30 Future
12%
#21 Maroon 5
12%
#67 Shawn Mendes
12%
#54 Elton John
11%
#48 Gracie Abrams
11%
#86 Avicii
10%
#25 Calvin Harris
10%
#91 Charlie Puth
10%
#42 Chris Brown
9%
#59 Linkin Park
9%
#84 USHER
9%
#52 21 Savage
8%
#70 Camila Cabello
8%
#50 Metro Boomin
8%
#95 RAYE
8%
#45 Daddy Yankee
7%
#38 KAROL G
7%
#64 Lola Young
7%
#65 Maluma
7%
#100 Frank Ocean
6%
#96 J. Cole
6%
#35 Sam Smith
6%
#68 Anitta
5%
#40 Arctic Monkeys
5%
#74 Black Eyed Peas
5%
#47 One Republic
5%
#51 Teddy Swims
5%
#99 Don Toliver
4%
#53 Hozier
4%
#81 Ozuna
4%
#92 Sean Paul
4%
#97 A$AP Rocky
3%
#83 Ellie Goulding
3%
#87 The Kid LAROI
3%
#79 The Neighbourhood
3%
#49 Khalid
2%
#39 Playboy Carti
2%
#41 Rauw Alejandro
2%
#56 The Chainsmokers
2%
#94 Tiësto
2%
#93 Don Omar
1%
#82 Feid
1%
#58 Halsey
1%
#43 Marshmello
1%
#72 Peso Pluma
1%
#69 Arijit Singh
0%
#89 A. R. Rahman
0%
#98 Daniel Caesar
0%
#80 Myke Towers
0%
#78 Pritam
0%
#76 Shreya Ghoshal
0%
Aucun quiz correspondant
Distribution des résultats
% des personnes avec chaque résultat
Percentile par nombre de réponses
Votre historique - résultats
Vous n’avez pas pris ce quiz